000 00579nam a2200205 i 4500
001 bgj
100 1 _aPAUL, Jean.
245 1 0 _aDas Kampaner Tel :
_boder Über die Unsterblichkeit der Seele /
_cJean Paul.
260 _aLeipzig :
_bVerlag von Philipp Reclam jun.
300 _a79, [1] s. ;
_c16 cm.
490 1 _aReclams Universal-Bibliothek
_vNr. 36
650 9 _aPowieść niemiecka
830 _aReclams Universal-Bibliothek
040 _cBPK
041 0 _ager
044 _aDEU
080 _a821.112.2-3
942 _cKS
008 s gw f |000 0 ger
999 _c49922
_d49922
856 _uhttp://koha.tu.koszalin.pl/cgi-bin/koha/opac-detail.pl?biblionumber=49922
_yKatalog online BPK